000 00350nam a22001217a 4500
040 _cHS
082 _a658
100 _aអ៊ុន ប៊ុនលាង
245 _aBasic marketing មូលដ្ឋានគ្រឹះនៃម៉ាឃីតធីង
260 _aRUA
_bអ៊ុន ប៊ុនលាង
_c2001
300 _a64p;
942 _cKB
999 _c9985
_d9985